| 000 | 00839 a2200205 4500 | ||
|---|---|---|---|
| 999 |
_c5411 _d5411 |
||
| 020 | _a9780415102421 | ||
| 050 | 0 | 0 | _aLC 5256 JAR 1995 |
| 100 | 1 |
_aJarvis, Peter, _d1937- _eAuthor |
|
| 245 | 1 | 0 |
_aAdult and continuing education: _btheory and practice / _cPeter Jarvis. |
| 250 | _a2nd ed. | ||
| 264 |
_aNew York: _bRoutledge, _c1995 |
||
| 300 |
_axv, 302 p. : _bill. ; |
||
| 500 | _aIncludes bibliographical references (p. [277]-294) and index. | ||
| 504 | _aIncludes bibliographical references (p. [277]-294) and index. | ||
| 650 | 0 | _aAdult education. | |
| 650 | 0 | _aContinuing education. | |
| 856 | 4 | 2 |
_3Publisher description _uhttp://www.loc.gov/catdir/enhancements/fy0909/94008487-d.html |
| 942 |
_2lcc _cBK _e2nd ed. _h5256 _iJAR _k1995 |
||